同母音の駅名が連続する区間 - Statistics

General Stats
  • This quiz has been taken 29 times
  • The average score is 12 of 34
Answer Stats
駅名 事業者名 都道府県 % Correct
奈良 JR西日本 奈良県
67%
平城山 JR西日本 奈良県
63%
堅田 JR西日本 滋賀県
56%
小野 JR西日本 滋賀県
52%
小野 神戸電鉄 兵庫県
52%
通津 JR西日本 山口県
52%
由宇 JR西日本 山口県
52%
摩耶 JR西日本 兵庫県
48%
JR西日本 兵庫県
48%
若狭高浜 JR西日本 福井県
44%
JR東海 静岡県
44%
東武鉄道 栃木県
41%
JR東海 長野県
41%
片浜 JR東海 静岡県
41%
多々良 東武鉄道 群馬県
37%
若狭和田 JR西日本 福井県
37%
羽場 JR東海 長野県
37%
玉川 大阪市高速電気軌道 大阪府
37%
阿波座 大阪市高速電気軌道 大阪府
37%
紀伊市木 JR東海 三重県
33%
阿田和 JR東海 三重県
33%
阿波山川 JR四国 徳島県
33%
多田 東武鉄道 栃木県
26%
大戸 JR東日本 千葉県
26%
佐原 JR東日本 千葉県
26%
幡多 神戸電鉄 兵庫県
26%
葛生 東武鉄道 栃木県
22%
川田 JR四国 徳島県
22%
沢間 大井川鐵道 静岡県
15%
土本 大井川鐵道 静岡県
15%
中畑 JR西日本 広島県
11%
河佐 JR西日本 広島県
11%
有珠 JR北海道 北海道
7%
長和 JR北海道 北海道
7%
No matching quizzes found
Score Distribution
Percent of People with Each Score
Percentile by Number Answered
Your Score History
You have not taken this quiz